[Event "FRA-chT2"]
[Site "France"]
[Date "2002.01.??"]
[Round "6"]
[White "Morand, Christophe"]
[Black "Trassaert, Stephane"]
[Result "0-1"]
[WhiteElo "2010"]
[BlackElo "2158"]
[PlyCount "74"]
[EventDate "2002.??.??"]
[EventType "team"]
[EventRounds "11"]
[EventCountry "FRA"]
[SourceTitle "EXT 2003"]
[Source "ChessBase"]
[SourceDate "2002.11.25"]
[SourceVersion "1"]
[SourceVersionDate "2002.11.25"]
[SourceQuality "1"]

1. d4 Nf6 2. c4 d6 3. Nc3 e5 4. d5 Be7 5. e4 0-0 6. Nf3 c6 7. dxc6 bxc6 8. Be2 a5 9. h3 Na6 10. Be3 Be6 11. 0-0 Qb8 12. Qd2 Rd8 13. Rfd1 Qb4 14. b3 Rab8 15. Ba7 Ra8 16. Be3 Rab8 17. Ba7 Rbc8 18. Rac1 Nd7 19. Qc2 Nac5 20. Rd2 Ra8 21. Bxc5 Nxc5 22. Rcd1 Rdb8 23. Rxd6 Bxd6 24. Rxd6 Nxb3 25. Rxc6 Nd4 26. Nxd4 exd4 27. Nd5 Qb1+ 28. Qxb1 Rxb1+ 29. Kh2 Rb2 30. Bd1 Rxf2 31. Bb3 a4 32. Nb6 axb3 33. Nxa8 bxa2 34. Ra6 Bxc4 35. Ra5 g6 36. Nb6 Bb3 37. Kg1 Rc2 0-1

[Event "FRA-chT2"]
[Site "France"]
[Date "2001.12.??"]
[Round "4"]
[White "Neiman, Emmanuel"]
[Black "Trassaert, Stephane"]
[Result "1-0"]
[WhiteElo "2289"]
[BlackElo "2158"]
[PlyCount "49"]
[EventDate "2002.??.??"]
[EventType "team"]
[EventRounds "11"]
[EventCountry "FRA"]
[SourceTitle "EXT 2003"]
[Source "ChessBase"]
[SourceDate "2002.11.25"]
[SourceVersion "1"]
[SourceVersionDate "2002.11.25"]
[SourceQuality "1"]

1. d4 Nf6 2. Bg5 Ne4 3. Bf4 d5 4. e3 c5 5. Bd3 cxd4 6. exd4 Qb6 7. Nc3 Nxc3 8. bxc3 Nc6 9. Ne2 g6 10. Qd2 Bg7 11. Bh6 0-0 12. h4 Na5 13. h5 Nc4 14. Bxc4 dxc4 15. Bxg7 Kxg7 16. hxg6 Qxg6 17. Nf4 Qe4+ 18. Kf1 Bf5 19. Re1 Qxc2 20. Qe3 Rae8 21. Nh5+ Kh8 22. Qh6 Rg8 23. Nf6 Qd3+ 24. Kg1 Qxc3 25. Qxh7+ 1-0

[Event "FRA-chT 9900"]
[Site "France"]
[Date "2000.05.01"]
[Round "11.2"]
[White "Trassaert, Stephane"]
[Black "Legky, Nikolay A"]
[Result "1/2-1/2"]
[WhiteElo "2176"]
[BlackElo "2494"]
[PlyCount "181"]
[EventDate "1999.02.04"]
[EventType "team"]
[EventRounds "11"]
[EventCountry "FRA"]
[SourceTitle "EXT 2001"]
[Source "ChessBase"]
[SourceDate "2000.11.22"]
[SourceVersion "1"]
[SourceVersionDate "2000.11.22"]
[SourceQuality "1"]

1. e4 e6 2. d3 d5 3. Nd2 c5 4. Ngf3 Nc6 5. g3 Nf6 6. Bg2 b6 7. 0-0 Bb7 8. Re1 Qc7 9. Qe2 Nb4 10. e5 Nd7 11. Nf1 h6 12. h4 a5 13. Bf4 b5 14. c3 Nc6 15. Ne3 Nb6 16. b3 Be7 17. c4 bxc4 18. bxc4 d4 19. Nf1 Na4 20. Qc2 Nc3 21. a3 Kd7 22. Bd2 g5 23. hxg5 hxg5 24. N1h2 Rh5 25. Ng4 Rah8 26. Bxc3 dxc3 27. Qxc3 Nd4 28. Nfh2 Bxg2 29. Kxg2 Qc6+ 30. Re4 Bd8 31. Rb1 Kc8 32. Nf3 Nf5 33. Qb3 Bc7 34. Qb5 Qxb5 35. Rxb5 Rd8 36. Nf6 Rhh8 37. g4 Nh4+ 38. Nxh4 Rxh4 39. Re3 Rdh8 40. Rxc5 Kd8 41. Rb5 Rh1 42. Nh5 Rc1 43. a4 Ra1 44. d4 Rxa4 45. Rc3 Kc8 46. Kf3 Ra1 47. Rbb3 Rd8 48. Ke4 Rf1 49. d5 Re1+ 50. Re3 exd5+ 51. cxd5 Re8 52. e6 fxe6 53. Rxe1 exd5+ 54. Kxd5 Rxe1 55. f3 Ra1 56. Nf6 a4 57. Rc3 a3 58. Rc2 Kd8 59. Ne4 Bf4 60. Kc4 Rf1 61. Kb3 Bc1 62. Rxc1 Rxc1 63. Kxa3 Ke7 64. Nxg5 Kf6 65. Ne4+ Ke5 66. Nd2 Rd1 67. Nb3 Rd3 68. Kb4 Rxf3 69. g5 Rg3 70. g6 Rxg6 71. Kc5 Rg8 72. Na5 Rc8+ 73. Nc6+ Ke6 74. Kb6 Kd6 75. Na5 Rc1 76. Nb7+ Kd5 77. Na5 Rc2 78. Nb7 Rc6+ 79. Kb5 Rc1 80. Kb6 Rb1+ 81. Kc7 Rb5 82. Nd8 Ra5 83. Nb7 Ra6 84. Nd8 Rg6 85. Nb7 Rc6+ 86. Kd7 Rh6 87. Kc7 Rg6 88. Kd7 Rg1 89. Nd8 Rb1 90. Kc7 Ra1 91. Nb7 1/2-1/2

[Event "Cannes op"]
[Site "Cannes"]
[Date "1990.??.??"]
[Round "1"]
[White "Badii, Madjid"]
[Black "Trassaert, Stephane"]
[Result "0-1"]
[WhiteElo "2275"]
[BlackElo "2010"]
[PlyCount "96"]
[EventDate "1990.02.??"]
[EventType "swiss"]
[EventRounds "9"]
[EventCountry "FRA"]
[SourceTitle "EXT 1997"]
[Source "ChessBase"]
[SourceDate "1996.11.15"]
[SourceVersion "1"]
[SourceVersionDate "1996.11.15"]
[SourceQuality "1"]

1. e4 e5 2. Nf3 Nc6 3. Bb5 Bc5 4. 0-0 Nge7 5. c3 a6 6. Ba4 d5 7. d4 exd4 8. cxd4 Bb4 9. e5 Bg4 10. a3 Ba5 11. b4 Bb6 12. Bg5 0-0 13. Bxc6 bxc6 14. Qd3 Bxf3 15. gxf3 Re8 16. Nd2 Qd7 17. Bxe7 Rxe7 18. Kh1 Re6 19. f4 Rh6 20. Rg1 Rh3 21. Nf3 a5 22. f5 Kh8 23. Rae1 Qe7 24. Rxg7 axb4 25. f6 Qe6 26. Reg1 c5 27. Rxh7+ Rxh7 28. Ng5 Rh3 29. Nxh3 Rxa3 30. Qb5 Rxh3 31. Qa6 Ra3 32. Qe2 Qf5 33. e6 fxe6 34. f7 Qxf7 35. Qe5+ Kh7 36. f4 cxd4 37. Rg5 Rh3 38. Kg2 Rh6 39. Kg3 b3 40. Kf3 b2 41. Qe1 Rh3+ 42. Kg4 Rxh2 43. Qg1 Rh6 44. Qb1+ Kh8 45. Qxb2 Rg6 46. Qb5 Rxg5+ 47. fxg5 Kg7 48. Qe2 Qf5+ 0-1

[Event "Cannes op"]
[Site "Cannes"]
[Date "1990.??.??"]
[Round "5"]
[White "Trassaert, Stephane"]
[Black "Caposciutti, Maurizio"]
[Result "0-1"]
[WhiteElo "2010"]
[BlackElo "2295"]
[PlyCount "74"]
[EventDate "1990.02.??"]
[EventType "swiss"]
[EventRounds "9"]
[EventCountry "FRA"]
[SourceTitle "EXT 1997"]
[Source "ChessBase"]
[SourceDate "1996.11.15"]
[SourceVersion "1"]
[SourceVersionDate "1996.11.15"]
[SourceQuality "1"]

1. e4 c5 2. Nf3 Nc6 3. d4 cxd4 4. Nxd4 Nf6 5. Nc3 d6 6. Bg5 e6 7. Qd2 Be7 8. 0-0-0 0-0 9. Ndb5 Qa5 10. f4 Rd8 11. g4 a6 12. Nd4 Nxd4 13. Qxd4 h6 14. Bh4 e5 15. Qg1 exf4 16. g5 hxg5 17. Bxg5 Qe5 18. Nd5 Nxd5 19. Rxd5 Qxe4 20. Bxe7 Qe1+ 21. Rd1 Qxe7 22. Kb1 Bf5 23. Bc4 Rac8 24. Bb3 Qe2 25. Rc1 Be4 26. Qf1 Qxf1 27. Rhxf1 f3 28. Rce1 d5 29. Kc1 g6 30. Kd2 Kg7 31. c3 Rh8 32. Rf2 Rh5 33. Ke3 Rch8 34. Rh1 g5 35. Bd1 Rh3 36. c4 f5 37. c5 Kf6 0-1

[Event "Cannes op"]
[Site "Cannes"]
[Date "1990.??.??"]
[Round "7"]
[White "Trassaert, Stephane"]
[Black "Metral, Jean Paul"]
[Result "0-1"]
[WhiteElo "2010"]
[BlackElo "2220"]
[PlyCount "58"]
[EventDate "1990.02.??"]
[EventType "swiss"]
[EventRounds "9"]
[EventCountry "FRA"]
[SourceTitle "EXT 1997"]
[Source "ChessBase"]
[SourceDate "1996.11.15"]
[SourceVersion "1"]
[SourceVersionDate "1996.11.15"]
[SourceQuality "1"]

1. e4 e6 2. d4 d5 3. Nc3 Nf6 4. e5 Nfd7 5. Nce2 c5 6. c3 Nc6 7. f4 Be7 8. Nf3 a5 9. g3 b5 10. Bh3 Nb6 11. 0-0 b4 12. Ne1 g6 13. Nd3 bxc3 14. bxc3 cxd4 15. cxd4 Ba6 16. g4 h5 17. f5 hxg4 18. fxe6 f5 19. Bxg4 Qc7 20. Bf3 0-0-0 21. Be3 g5 22. Nc3 Bc4 23. Rb1 Nb4 24. Be2 Rh3 25. Nxb4 axb4 26. Nxd5 Rxd5 27. Bf3 Ra5 28. Rf2 g4 29. Kg2 Rxf3 0-1